[Event "ODJM C 2024"]
[Site "Willingen GER"]
[Date "2024.05.22"]
[Round "6"]
[White "Piotrowski, Jaro"]
[Black "Kraus, Jesper"]
[Result "1-0"]
[Termination "normal"]
[Board "28"]
[WhiteElo "1223"]
[BlackElo "999"]
[WhiteClock "01:28:36"]
[BlackClock "00:12:15"]
[PlyCount "123"]
[WhiteFideId "34664629"]
[BlackFideId "533001936"]
[EventCountry "GER"]
[EventRounds "9"]
[EventType "swiss"]
[EventDate "2024.05.18"]

1. d4 {[%clk 01:30:27]} {[%emt 00:00:32]} d5 {[%clk 01:30:50]} {[%emt
00:00:10]} 2. c4 {[%clk 01:30:19]} {[%emt 00:00:38]} dxc4 {[%clk 01:31:10]}
{[%emt 00:00:10]} 3. Nc3 {[%clk 01:30:27]} {[%emt 00:00:22]} Nf6 {[%clk
01:25:18]} {[%emt 00:06:22]} 4. Bf4 {[%clk 01:30:37]} {[%emt 00:00:18]} e6
{[%clk 01:24:42]} {[%emt 00:01:06]} 5. e3 {[%clk 01:30:40]} {[%emt 00:00:28]}
b6 {[%clk 01:24:09]} {[%emt 00:01:04]} 6. Bxc4 {[%clk 01:30:48]} {[%emt
00:00:21]} Bb7 {[%clk 01:24:20]} {[%emt 00:00:17]} 7. Nf3 {[%clk 01:31:05]}
{[%emt 00:00:14]} Nbd7 {[%clk 01:24:04]} {[%emt 00:00:48]} 8. O-O {[%clk
01:31:07]} {[%emt 00:00:27]} c5 {[%clk 01:23:00]} {[%emt 00:01:34]} 9. Nb5
{[%clk 01:31:17]} {[%emt 00:00:20]} Rc8 {[%clk 01:16:58]} {[%emt 00:06:33]} 10.
Nxa7 {[%clk 01:31:02]} {[%emt 00:00:45]} Ra8 {[%clk 01:16:45]} {[%emt
00:00:42]} 11. Nb5 {[%clk 01:31:18]} {[%emt 00:00:14]} Rc8 {[%clk 01:15:07]}
{[%emt 00:02:09]} 12. Bd6 {[%clk 01:31:32]} {[%emt 00:00:15]} cxd4 {[%clk
01:14:31]} {[%emt 00:01:05]} 13. Qxd4 {[%clk 01:31:14]} {[%emt 00:00:48]} Be7
{[%emt 00:04:53]} 14. Bxe7 {[%clk 01:31:12]} {[%emt 00:00:03]} Kxe7 {[%clk
01:09:28]} {[%emt 00:00:58]} 15. Ng5 {[%emt 00:06:07]} h6 {[%clk 01:03:14]}
{[%emt 00:06:07]} 16. Qd6+ {[%clk 01:27:13]} {[%emt 00:00:10]} Ke8 {[%clk
01:03:24]} {[%emt 00:00:21]} 17. Nxe6 {[%clk 01:27:20]} {[%emt 00:00:23]} Qe7
{[%clk 01:01:19]} {[%emt 00:02:35]} 18. Nec7+ {[%clk 01:25:30]} {[%emt
00:02:19]} Kd8 {[%clk 01:00:29]} {[%emt 00:01:21]} 19. Qxb6 {[%clk 01:24:33]}
{[%emt 00:01:27]} Nxb6 {[%clk 00:59:55]} {[%emt 00:01:03]} 20. Rad1+ {[%clk
01:24:41]} {[%emt 00:00:23]} Bd5 {[%clk 00:58:17]} {[%emt 00:02:09]} 21. Nxd5
{[%clk 01:24:28]} {[%emt 00:00:42]} Nbxd5 {[%clk 00:57:19]} {[%emt 00:01:28]}
22. Bxd5 {[%clk 01:24:42]} {[%emt 00:00:16]} Nxd5 {[%clk 00:56:08]} {[%emt
00:01:41]} 23. Rxd5+ {[%clk 01:24:57]} {[%emt 00:00:15]} Ke8 {[%clk 00:55:30]}
{[%emt 00:01:07]} 24. Nd6+ {[%clk 01:25:21]} {[%emt 00:00:06]} Kd7 {[%clk
00:54:30]} {[%emt 00:01:31]} 25. Nf5+ {[%clk 01:25:43]} {[%emt 00:00:07]} Ke6
{[%clk 00:53:09]} {[%emt 00:01:50]} 26. Nxe7 {[%clk 01:26:08]} {[%emt
00:00:06]} Kxe7 {[%clk 00:53:16]} {[%emt 00:00:23]} 27. a4 {[%clk 01:26:07]}
{[%emt 00:00:30]} Rhd8 {[%clk 00:51:50]} {[%emt 00:01:56]} 28. Rxd8 {[%clk
01:26:23]} {[%emt 00:00:14]} Rxd8 {[%clk 00:52:09]} {[%emt 00:00:11]} 29. b4
{[%clk 01:26:46]} {[%emt 00:00:07]} Rc8 {[%clk 00:52:15]} {[%emt 00:00:24]} 30.
a5 {[%clk 01:27:08]} {[%emt 00:00:08]} Kd7 {[%clk 00:48:20]} {[%emt 00:04:25]}
31. b5 {[%clk 01:27:27]} {[%emt 00:00:11]} Ra8 {[%clk 00:48:32]} {[%emt
00:00:19]} 32. a6 {[%clk 01:27:37]} {[%emt 00:00:20]} Kc7 {[%clk 00:48:55]}
{[%emt 00:00:07]} 33. Rb1 {[%clk 01:27:59]} {[%emt 00:00:07]} Kb6 {[%clk
00:48:19]} {[%emt 00:01:07]} 34. h4 {[%clk 01:28:07]} {[%emt 00:00:21]} Ka7
{[%clk 00:45:51]} {[%emt 00:02:58]} 35. g4 {[%clk 01:27:10]} {[%emt 00:01:26]}
g5 {[%clk 00:43:41]} {[%emt 00:02:42]} 36. hxg5 {[%clk 01:27:30]} {[%emt
00:00:10]} hxg5 {[%clk 00:43:53]} {[%emt 00:00:17]} 37. Kg2 {[%clk 01:27:45]}
{[%emt 00:00:13]} f6 {[%clk 00:43:01]} {[%emt 00:01:24]} 38. f4 {[%clk
01:27:51]} {[%emt 00:00:24]} gxf4 {[%emt 00:02:41]} 39. exf4 {[%emt 00:00:07]}
Kb6 {[%clk 00:40:26]} {[%emt 00:00:17]} 40. Kf3 {[%clk 01:28:04]} {[%emt
00:00:17]} Rg8 {[%clk 00:38:55]} {[%emt 00:02:01]} 41. Ke4 {[%clk 01:26:02]}
{[%emt 00:02:33]} Rxg4 {[%clk 00:37:09]} {[%emt 00:02:15]} 42. Kf5 {[%clk
01:26:25]} {[%emt 00:00:07]} Rg8 {[%clk 00:37:16]} {[%emt 00:00:23]} 43. Kxf6
{[%clk 01:26:30]} {[%emt 00:00:25]} Rf8 {[%clk 00:37:14]} {[%emt 00:00:32]} 44.
Ke5 {[%clk 01:25:19]} {[%emt 00:01:41]} Re8+ {[%clk 00:35:50]} {[%emt
00:01:54]} 45. Kd4 {[%clk 01:25:37]} {[%emt 00:00:11]} Rd8+ {[%clk 00:34:38]}
{[%emt 00:01:43]} 46. Ke3 {[%clk 01:25:56]} {[%emt 00:00:11]} Re8+ {[%clk
00:34:52]} {[%emt 00:00:16]} 47. Kf3 {[%clk 01:26:20]} {[%emt 00:00:06]} Rd8
{[%clk 00:34:00]} {[%emt 00:01:22]} 48. Ra1 {[%clk 01:26:10]} {[%emt 00:00:39]}
Ka7 {[%clk 00:31:22]} {[%emt 00:03:07]} 49. b6+ {[%clk 01:26:26]} {[%emt
00:00:14]} Ka8 {[%clk 00:31:37]} {[%emt 00:00:14]} 50. a7 {[%clk 01:26:33]}
{[%emt 00:00:25]} Rd7 {[%clk 00:31:22]} {[%emt 00:00:44]} 51. f5 {[%clk
01:26:39]} {[%emt 00:00:24]} Rf7 {[%clk 00:31:02]} {[%emt 00:00:50]} 52. Kg4
{[%clk 01:26:57]} {[%emt 00:00:12]} Rg7+ {[%clk 00:28:30]} {[%emt 00:03:03]}
53. Kh5 {[%clk 01:27:17]} {[%emt 00:00:09]} Rf7 {[%clk 00:27:16]} {[%emt
00:01:43]} 54. Kg6 {[%clk 01:27:40]} {[%emt 00:00:07]} Rd7 {[%clk 00:23:39]}
{[%emt 00:04:08]} 55. f6 {[%clk 01:27:08]} {[%emt 00:01:03]} Rb7 {[%clk
00:23:25]} {[%emt 00:00:43]} 56. Ra6 {[%clk 01:27:20]} {[%emt 00:00:18]} Rd7
{[%clk 00:23:16]} {[%emt 00:00:39]} 57. f7 {[%clk 01:27:44]} {[%emt 00:00:07]}
Rd6+ {[%clk 00:13:20]} {[%emt 00:10:26]} 58. Kg7 {[%clk 01:27:58]} {[%emt
00:00:15]} Rd7 {[%clk 00:13:17]} {[%emt 00:00:32]} 59. Kg8 {[%clk 01:28:07]}
{[%emt 00:00:21]} Rd8 {[%clk 00:13:16]} {[%emt 00:00:30]} 60. f8=Q {[%clk
01:28:24]} {[%emt 00:00:15]} Rxf8 {[%clk 00:12:15]} {[%emt 00:01:31]} 61. Kxf8
{[%clk 01:28:36]} {[%emt 00:00:19]} Kb7 {[%clk 00:12:15]} {[%emt 00:00:30]} 62.
a8=Q# {[%emt 00:00:16]} 1-0

[Event "ODJM C 2024"]
[Site "Willingen GER"]
[Date "2024.05.22"]
[Round "6"]
[White "Berger, Jennifer"]
[Black "Trunz, Daniel"]
[Result "1/2-1/2"]
[Termination "normal"]
[Board "29"]
[WhiteElo "1462"]
[BlackElo "1458"]
[WhiteClock "00:36:02"]
[BlackClock "00:44:59"]
[PlyCount "120"]
[WhiteFideId "34630074"]
[BlackFideId "34640797"]
[EventCountry "GER"]
[EventRounds "9"]
[EventType "swiss"]
[EventDate "2024.05.18"]

1. e4 {[%clk 01:30:57]} {[%emt 00:00:03]} e5 {[%clk 01:30:59]} {[%emt
00:00:02]} 2. Nf3 {[%clk 01:31:16]} {[%emt 00:00:10]} Nc6 {[%emt 00:00:14]} 3.
d4 {[%clk 01:31:32]} {[%emt 00:00:13]} exd4 {[%clk 01:31:37]} {[%emt 00:00:10]}
4. Nxd4 {[%clk 01:31:36]} {[%emt 00:00:25]} Nxd4 {[%clk 01:30:46]} {[%emt
00:01:20]} 5. Qxd4 {[%clk 01:31:30]} {[%emt 00:00:36]} c6 {[%clk 01:29:49]}
{[%emt 00:01:28]} 6. Nc3 {[%clk 01:28:45]} {[%emt 00:03:14]} Nf6 {[%clk
01:29:35]} {[%emt 00:00:45]} 7. Bg5 {[%clk 01:27:49]} {[%emt 00:01:23]} Be7
{[%clk 01:26:29]} {[%emt 00:03:39]} 8. Bd3 {[%clk 01:23:47]} {[%emt 00:04:33]}
O-O {[%clk 01:26:11]} {[%emt 00:00:48]} 9. O-O {[%clk 01:21:23]} {[%emt
00:02:54]} d5 {[%clk 01:26:10]} {[%emt 00:00:31]} 10. e5 {[%clk 01:20:35]}
{[%emt 00:01:18]} c5 {[%clk 01:25:27]} {[%emt 00:01:14]} 11. Qh4 {[%clk
01:19:23]} {[%emt 00:01:32]} h6 {[%clk 01:16:11]} {[%emt 00:09:55]} 12. Bxh6
{[%clk 01:12:31]} {[%emt 00:07:21]} Ng4 {[%clk 01:14:44]} {[%emt 00:01:57]} 13.
Qg3 {[%clk 01:11:10]} {[%emt 00:01:51]} Nxh6 {[%clk 01:13:57]} {[%emt
00:01:16]} 14. Rad1 {[%clk 01:06:09]} {[%emt 00:05:31]} c4 {[%clk 01:11:44]}
{[%emt 00:02:44]} 15. Bxc4 {[%clk 01:05:54]} {[%emt 00:00:45]} Qb6 {[%clk
01:10:31]} {[%emt 00:01:42]} 16. Nxd5 {[%clk 01:05:13]} {[%emt 00:01:12]} Qc5
{[%clk 01:08:54]} {[%emt 00:02:08]} 17. Bb3 {[%clk 01:01:14]} {[%emt 00:04:29]}
Be6 {[%clk 01:06:46]} {[%emt 00:02:37]} 18. Qe3 {[%clk 00:59:24]} {[%emt
00:02:16]} Bxd5 {[%clk 01:00:30]} {[%emt 00:06:49]} 19. Qxc5 {[%clk 00:58:16]}
{[%emt 00:01:39]} Bxc5 {[%clk 01:00:25]} {[%emt 00:00:35]} 20. Rxd5 {[%clk
00:58:02]} {[%emt 00:00:44]} Bb6 {[%clk 01:00:17]} {[%emt 00:00:38]} 21. Rd7
{[%emt 00:00:38]} Rfe8 {[%clk 01:00:05]} {[%emt 00:00:40]} 22. Re1 {[%clk
00:56:52]} {[%emt 00:01:34]} Rac8 {[%clk 00:58:56]} {[%emt 00:01:39]} 23. Rxb7
{[%clk 00:54:27]} {[%emt 00:02:56]} Rc7 {[%clk 00:59:13]} {[%emt 00:00:13]} 24.
Rxc7 {[%clk 00:54:01]} {[%emt 00:00:55]} Bxc7 {[%clk 00:59:37]} {[%emt
00:00:06]} 25. e6 {[%clk 00:51:35]} {[%emt 00:02:56]} fxe6 {[%clk 00:59:27]}
{[%emt 00:00:40]} 26. Bxe6+ {[%clk 00:51:49]} {[%emt 00:00:16]} Kh8 {[%emt
00:00:32]} 27. Kf1 {[%clk 00:51:50]} {[%emt 00:00:13]} Bxh2 {[%clk 00:58:58]}
{[%emt 00:01:12]} 28. g3 {[%clk 00:49:41]} {[%emt 00:02:41]} Rb8 {[%clk
00:57:14]} {[%emt 00:02:13]} 29. b3 {[%clk 00:47:41]} {[%emt 00:02:31]} Rb6
{[%clk 00:56:49]} {[%emt 00:00:53]} 30. Kg2 {[%clk 00:46:59]} {[%emt 00:01:12]}
Ra6 {[%clk 00:55:35]} {[%emt 00:01:45]} 31. Kxh2 {[%clk 00:47:03]} {[%emt
00:00:25]} Rxa2 {[%clk 00:55:34]} {[%emt 00:00:31]} 32. Re2 {[%clk 00:46:16]}
{[%emt 00:01:17]} a5 {[%clk 00:54:01]} {[%emt 00:02:03]} 33. b4 {[%clk
00:45:27]} {[%emt 00:01:19]} Ra4 {[%clk 00:53:01]} {[%emt 00:01:29]} 34. bxa5
{[%clk 00:45:34]} {[%emt 00:00:23]} Rxa5 {[%clk 00:53:13]} {[%emt 00:00:19]}
35. c4 {[%clk 00:44:50]} {[%emt 00:01:14]} Kh7 {[%clk 00:53:00]} {[%emt
00:00:42]} 36. Rc2 {[%clk 00:43:58]} {[%emt 00:01:22]} Rc5 {[%clk 00:53:00]}
{[%emt 00:00:30]} 37. Kg2 {[%clk 00:43:53]} {[%emt 00:00:35]} Kg6 {[%clk
00:52:05]} {[%emt 00:01:25]} 38. Kf3 {[%clk 00:43:29]} {[%emt 00:00:54]} Kf6
{[%clk 00:51:19]} {[%emt 00:01:15]} 39. Bd5 {[%clk 00:39:16]} {[%emt 00:04:43]}
Ke5 {[%clk 00:49:44]} {[%emt 00:02:05]} 40. Ke3 {[%clk 00:39:30]} {[%emt
00:00:16]} g5 {[%clk 00:49:38]} {[%emt 00:00:37]} 41. f4+ {[%clk 00:39:06]}
{[%emt 00:00:54]} gxf4+ {[%clk 00:49:42]} {[%emt 00:00:26]} 42. gxf4+ {[%clk
00:39:29]} {[%emt 00:00:07]} Kd6 {[%clk 00:48:52]} {[%emt 00:01:20]} 43. Ke4
{[%clk 00:37:53]} {[%emt 00:02:06]} Ng4 {[%clk 00:47:20]} {[%emt 00:02:02]} 44.
Rc3 {[%clk 00:33:18]} {[%emt 00:05:05]} Nf6+ {[%clk 00:46:22]} {[%emt
00:01:28]} 45. Kd4 {[%clk 00:33:25]} {[%emt 00:00:23]} Nxd5 {[%clk 00:46:27]}
{[%emt 00:00:26]} 46. cxd5 {[%clk 00:33:34]} {[%emt 00:00:21]} Rxc3 {[%clk
00:46:21]} {[%emt 00:00:36]} 47. Kxc3 {[%clk 00:33:59]} {[%emt 00:00:05]} Kxd5
{[%clk 00:45:54]} {[%emt 00:00:57]} 48. Kd3 {[%clk 00:34:19]} {[%emt 00:00:10]}
Ke6 {[%clk 00:46:05]} {[%emt 00:00:19]} 49. Ke4 {[%clk 00:34:12]} {[%emt
00:00:36]} Kf6 {[%clk 00:46:10]} {[%emt 00:00:26]} 50. f5 {[%clk 00:34:36]}
{[%emt 00:00:06]} Kg7 {[%clk 00:46:18]} {[%emt 00:00:22]} 51. Ke5 {[%clk
00:35:00]} {[%emt 00:00:06]} Kf7 {[%clk 00:46:18]} {[%emt 00:00:30]} 52. f6
{[%clk 00:35:23]} {[%emt 00:00:06]} Kf8 {[%clk 00:46:12]} {[%emt 00:00:36]} 53.
Ke6 {[%clk 00:34:22]} {[%emt 00:01:31]} Ke8 {[%clk 00:46:21]} {[%emt 00:00:21]}
54. Kd6 {[%clk 00:34:35]} {[%emt 00:00:17]} Kf7 {[%clk 00:45:17]} {[%emt
00:01:34]} 55. Ke5 {[%clk 00:34:57]} {[%emt 00:00:07]} Kf8 {[%clk 00:45:22]}
{[%emt 00:00:25]} 56. Kf5 {[%clk 00:35:02]} {[%emt 00:00:25]} Kf7 {[%clk
00:45:19]} {[%emt 00:00:33]} 57. Kg5 {[%clk 00:35:11]} {[%emt 00:00:21]} Kf8
{[%clk 00:45:14]} {[%emt 00:00:36]} 58. Kg6 {[%clk 00:35:33]} {[%emt 00:00:08]}
Kg8 {[%clk 00:45:26]} {[%emt 00:00:18]} 59. f7+ {[%clk 00:35:44]} {[%emt
00:00:19]} Kf8 {[%clk 00:45:33]} {[%emt 00:00:24]} 60. Kh7 {[%clk 00:36:02]}
{[%emt 00:00:12]} Kxf7 {[%clk 00:44:59]} {[%emt 00:00:33]} 1/2-1/2

[Event "ODJM C 2024"]
[Site "Willingen GER"]
[Date "2024.05.22"]
[Round "6"]
[White "Schwarzfischer, Ramona"]
[Black "Kraus, Joshua"]
[Result "0-1"]
[Termination "normal"]
[Board "30"]
[WhiteElo "974"]
[BlackElo "1111"]
[WhiteClock "00:37:35"]
[BlackClock "00:27:08"]
[PlyCount "88"]
[WhiteFideId "16268113"]
[BlackFideId "34660500"]
[EventCountry "GER"]
[EventRounds "9"]
[EventType "swiss"]
[EventDate "2024.05.18"]

1. d4 {[%clk 01:30:59]} d5 {[%clk 01:30:54]} {[%emt 00:00:06]} 2. Nf3 {[%clk
01:31:23]} {[%emt 00:00:06]} Nf6 {[%clk 01:31:13]} {[%emt 00:00:12]} 3. c3
{[%clk 01:31:42]} {[%emt 00:00:11]} e6 {[%clk 01:31:23]} {[%emt 00:00:19]} 4.
Bf4 {[%clk 01:31:53]} {[%emt 00:00:19]} Bd6 {[%clk 01:31:37]} {[%emt 00:00:16]}
5. e3 {[%clk 01:32:16]} {[%emt 00:00:08]} O-O {[%clk 01:31:54]} {[%emt
00:00:13]} 6. Bd3 {[%clk 01:32:17]} {[%emt 00:00:29]} b6 {[%clk 01:31:34]}
{[%emt 00:00:49]} 7. Nbd2 {[%clk 01:32:07]} {[%emt 00:00:41]} Bb7 {[%clk
01:30:50]} {[%emt 00:01:13]} 8. O-O {[%clk 01:30:21]} {[%emt 00:02:16]} c5
{[%clk 01:31:08]} {[%emt 00:00:12]} 9. Bxd6 {[%clk 01:29:15]} {[%emt 00:01:36]}
Qxd6 {[%clk 01:31:28]} {[%emt 00:00:10]} 10. Rc1 {[%clk 01:29:12]} {[%emt
00:00:33]} Nbd7 {[%clk 01:28:20]} {[%emt 00:03:38]} 11. Bb1 {[%clk 01:24:28]}
{[%emt 00:05:14]} Rac8 {[%clk 01:21:07]} {[%emt 00:07:43]} 12. Re1 {[%clk
01:21:44]} {[%emt 00:03:14]} Rfe8 {[%clk 01:18:24]} {[%emt 00:03:13]} 13. e4
{[%clk 01:13:45]} {[%emt 00:08:29]} dxe4 {[%clk 01:17:27]} {[%emt 00:01:28]}
14. Nxe4 {[%clk 01:13:40]} {[%emt 00:00:35]} Nxe4 {[%clk 01:17:26]} {[%emt
00:00:30]} 15. Bxe4 {[%clk 01:13:58]} {[%emt 00:00:12]} Bxe4 {[%clk 01:17:42]}
{[%emt 00:00:15]} 16. Rxe4 {[%clk 01:14:12]} {[%emt 00:00:16]} Nf6 {[%clk
01:17:36]} {[%emt 00:00:35]} 17. Rh4 {[%clk 01:12:25]} {[%emt 00:02:17]} cxd4
{[%clk 01:09:30]} {[%emt 00:08:36]} 18. Rxd4 {[%clk 01:10:53]} {[%emt
00:02:02]} Qc7 {[%clk 01:03:32]} {[%emt 00:06:28]} 19. Qc2 {[%clk 01:05:52]}
{[%emt 00:05:31]} e5 {[%clk 01:00:58]} {[%emt 00:03:04]} 20. Rh4 {[%clk
01:02:44]} {[%emt 00:03:35]} h6 {[%clk 00:56:58]} {[%emt 00:04:32]} 21. Nd2
{[%clk 00:58:16]} {[%emt 00:04:59]} Rcd8 {[%clk 00:55:16]} {[%emt 00:02:11]}
22. h3 {[%clk 00:52:00]} {[%emt 00:06:47]} Qc6 {[%clk 00:51:08]} {[%emt
00:04:38]} 23. Re1 {[%clk 00:50:06]} {[%emt 00:02:25]} Qd5 {[%clk 00:44:21]}
{[%emt 00:07:17]} 24. Re2 {[%clk 00:41:08]} {[%emt 00:09:27]} Qxa2 {[%clk
00:31:21]} {[%emt 00:13:31]} 25. Ne4 {[%clk 00:37:07]} {[%emt 00:04:31]} Nxe4
{[%clk 00:27:32]} {[%emt 00:04:20]} 26. Qxe4 {[%clk 00:34:27]} {[%emt
00:03:09]} Qd5 {[%clk 00:25:23]} {[%emt 00:02:39]} 27. Qg4 {[%clk 00:27:48]}
{[%emt 00:07:08]} f5 {[%clk 00:21:05]} {[%emt 00:04:49]} 28. Qh5 {[%clk
00:27:42]} {[%emt 00:00:35]} f4 {[%clk 00:13:38]} {[%emt 00:07:58]} 29. Kh2
{[%clk 00:26:09]} {[%emt 00:02:03]} Re6 {[%clk 00:10:55]} {[%emt 00:03:13]} 30.
Qf5 {[%clk 00:14:41]} {[%emt 00:11:58]} Rf6 {[%clk 00:09:39]} {[%emt 00:01:45]}
31. Qc2 {[%clk 00:14:26]} {[%emt 00:00:46]} Qd1 {[%clk 00:08:04]} {[%emt
00:02:04]} 32. Qe4 {[%clk 00:13:05]} {[%emt 00:01:51]} g5 {[%clk 00:01:58]}
{[%emt 00:06:36]} 33. Rg4 {[%clk 00:12:30]} {[%emt 00:01:06]} Re8 {[%clk
00:01:26]} {[%emt 00:01:02]} 34. Re1 {[%clk 00:11:44]} {[%emt 00:01:16]} Qd2
{[%clk 00:01:15]} {[%emt 00:00:40]} 35. Qc4+ {[%clk 00:11:35]} {[%emt
00:00:39]} Kg7 {[%clk 00:00:53]} {[%emt 00:00:53]} 36. Re2 {[%clk 00:11:45]}
{[%emt 00:00:20]} Qd7 {[%clk 00:00:31]} {[%emt 00:00:52]} 37. Qe4 {[%clk
00:09:36]} {[%emt 00:02:38]} Qf5 {[%clk 00:00:34]} {[%emt 00:00:27]} 38. Qb7+
{[%clk 00:09:49]} {[%emt 00:00:18]} Kg6 {[%clk 00:00:31]} {[%emt 00:00:34]} 39.
Qf3 {[%clk 00:09:48]} {[%emt 00:00:30]} e4 {[%clk 00:00:32]} {[%emt 00:00:30]}
40. Rxe4 {[%clk 00:09:15]} {[%emt 00:01:02]} Qxe4 {[%clk 00:00:39]} {[%emt
00:00:24]} 41. Rxg5+ {[%clk 00:08:21]} {[%emt 00:01:23]} hxg5 {[%clk 00:00:40]}
{[%emt 00:00:30]} 42. Qg4 {[%clk 00:08:39]} {[%emt 00:00:12]} Qd3 {[%clk
00:27:39]} {[%emt 00:03:32]} 43. h4 {[%clk 00:37:20]} {[%emt 00:01:48]} Rh8
{[%clk 00:27:07]} {[%emt 00:01:01]} 44. Qxg5+ {[%clk 00:37:35]} {[%emt
00:00:15]} Kf7 {[%clk 00:27:08]} {[%emt 00:00:29]} 0-1

[Event "ODJM C 2024"]
[Site "Willingen GER"]
[Date "2024.05.22"]
[Round "6"]
[White "Buntin, Amelia Bernadette"]
[Black "Zhang, Kai"]
[Result "1/2-1/2"]
[Termination "normal"]
[Board "31"]
[WhiteElo "1096"]
[BlackElo "1504"]
[WhiteClock "01:25:34"]
[BlackClock "01:23:20"]
[PlyCount "44"]
[WhiteFideId "34649581"]
[BlackFideId "34658815"]
[EventCountry "GER"]
[EventRounds "9"]
[EventType "swiss"]
[EventDate "2024.05.18"]

1. Nf3 {[%clk 01:30:58]} {[%emt 00:00:02]} c5 {[%clk 01:31:22]} {[%emt
00:00:07]} 2. g3 {[%clk 01:31:21]} {[%emt 00:00:07]} Nc6 {[%clk 01:31:39]}
{[%emt 00:00:14]} 3. Bg2 {[%clk 01:31:45]} {[%emt 00:00:06]} d6 {[%clk
01:31:56]} {[%emt 00:00:13]} 4. d3 {[%clk 01:32:10]} {[%emt 00:00:05]} e5
{[%clk 01:32:19]} {[%emt 00:00:07]} 5. O-O {[%clk 01:32:34]} {[%emt 00:00:05]}
g6 {[%clk 01:32:44]} {[%emt 00:00:06]} 6. e4 {[%clk 01:32:41]} {[%emt
00:00:23]} Bg7 {[%clk 01:32:58]} {[%emt 00:00:16]} 7. Nbd2 {[%clk 01:32:58]}
{[%emt 00:00:13]} Bd7 {[%clk 01:33:18]} {[%emt 00:00:10]} 8. Re1 {[%clk
01:33:07]} {[%emt 00:00:21]} Nge7 {[%clk 01:33:25]} {[%emt 00:00:23]} 9. h3
{[%clk 01:32:44]} {[%emt 00:00:52]} Qc8 {[%clk 01:33:24]} {[%emt 00:00:31]} 10.
Kh2 {[%clk 01:31:38]} {[%emt 00:01:35]} f5 {[%clk 01:27:42]} {[%emt 00:06:13]}
11. Nf1 {[%clk 01:30:29]} {[%emt 00:01:38]} O-O {[%clk 01:27:03]} {[%emt
00:01:11]} 12. Bg5 {[%clk 01:29:30]} {[%emt 00:01:29]} Bf6 {[%clk 01:26:19]}
{[%emt 00:01:14]} 13. Ne3 {[%clk 01:29:00]} {[%emt 00:01:00]} Kg7 {[%emt
00:00:44]} 14. Nd5 {[%clk 01:29:06]} {[%emt 00:00:22]} Nxd5 {[%clk 01:25:20]}
{[%emt 00:01:17]} 15. exd5 {[%clk 01:29:20]} {[%emt 00:00:15]} Ne7 {[%clk
01:25:41]} {[%emt 00:00:09]} 16. c4 {[%clk 01:29:33]} {[%emt 00:00:16]} h6
{[%clk 01:26:04]} {[%emt 00:00:08]} 17. Bxf6+ {[%clk 01:29:53]} {[%emt
00:00:09]} Rxf6 {[%clk 01:26:19]} {[%emt 00:00:16]} 18. a3 {[%clk 01:28:41]}
{[%emt 00:01:42]} a5 {[%clk 01:26:10]} {[%emt 00:00:38]} 19. Qd2 {[%clk
01:26:09]} {[%emt 00:03:02]} Qf8 {[%clk 01:24:27]} {[%emt 00:02:14]} 20. b4
{[%clk 01:26:00]} {[%emt 00:00:40]} b6 {[%clk 01:23:37]} {[%emt 00:01:19]} 21.
b5 {[%clk 01:25:23]} {[%emt 00:01:07]} f4 {[%clk 01:23:16]} {[%emt 00:00:51]}
22. g4 {[%clk 01:25:34]} {[%emt 00:00:19]} g5 {[%clk 01:23:20]} {[%emt
00:00:26]} 1/2-1/2